<?xml version="1.0" encoding="UTF-8"?>
<record
    xmlns:xsi="http://www.w3.org/2001/XMLSchema-instance"
    xsi:schemaLocation="http://www.loc.gov/MARC21/slim http://www.loc.gov/standards/marcxml/schema/MARC21slim.xsd"
    xmlns="http://www.loc.gov/MARC21/slim">

  <leader>00524nam a2200169Ia 4500</leader>
  <controlfield tag="008">190805s9999||||xx |||||||||||||| ||und||</controlfield>
  <datafield tag="020" ind1=" " ind2=" ">
    <subfield code="a">9788126552344</subfield>
    <subfield code="c">Rs. 819.00</subfield>
  </datafield>
  <datafield tag="082" ind1="0" ind2="4">
    <subfield code="a">337</subfield>
    <subfield code="b">Sa388</subfield>
  </datafield>
  <datafield tag="100" ind1="1" ind2=" ">
    <subfield code="a">Salvatore, Dominick</subfield>
  </datafield>
  <datafield tag="245" ind1="1" ind2="0">
    <subfield code="a">International Economics: Trade and Finance / </subfield>
  </datafield>
  <datafield tag="250" ind1=" " ind2=" ">
    <subfield code="a">11th ed.</subfield>
  </datafield>
  <datafield tag="260" ind1=" " ind2=" ">
    <subfield code="a">New Delhi : </subfield>
    <subfield code="b">Wiley India Pvt. Ltd,</subfield>
    <subfield code="c">2014, reprinted 2017</subfield>
  </datafield>
  <datafield tag="300" ind1=" " ind2=" ">
    <subfield code="a">xxxix, 757 p.</subfield>
    <subfield code="b"> : </subfield>
    <subfield code="c">; 24 cm.</subfield>
  </datafield>
  <datafield tag="650" ind1=" " ind2="0">
    <subfield code="a">International trade</subfield>
  </datafield>
  <datafield tag="852" ind1=" " ind2=" ">
    <subfield code="a">IMU Kochi Library</subfield>
  </datafield>
  <datafield tag="942" ind1=" " ind2=" ">
    <subfield code="c">BK</subfield>
  </datafield>
  <datafield tag="999" ind1=" " ind2=" ">
    <subfield code="c">334</subfield>
    <subfield code="d">334</subfield>
  </datafield>
  <datafield tag="952" ind1=" " ind2=" ">
    <subfield code="0">0</subfield>
    <subfield code="1">0</subfield>
    <subfield code="4">0</subfield>
    <subfield code="6">337_000000000000000_SA388</subfield>
    <subfield code="7">0</subfield>
    <subfield code="8">MANS</subfield>
    <subfield code="9">2617</subfield>
    <subfield code="a">KO</subfield>
    <subfield code="b">KO</subfield>
    <subfield code="c">GEN</subfield>
    <subfield code="d">2018-02-07</subfield>
    <subfield code="e">Segment Book Distrubuters</subfield>
    <subfield code="g">819.00</subfield>
    <subfield code="o">337 Sa388</subfield>
    <subfield code="p">BK005129</subfield>
    <subfield code="r">2019-08-05</subfield>
    <subfield code="y">BK</subfield>
    <subfield code="z">Gen. Shelf-4, Row-2</subfield>
  </datafield>
  <datafield tag="952" ind1=" " ind2=" ">
    <subfield code="0">0</subfield>
    <subfield code="1">0</subfield>
    <subfield code="4">0</subfield>
    <subfield code="6">337_000000000000000_SA388</subfield>
    <subfield code="7">0</subfield>
    <subfield code="8">MANS</subfield>
    <subfield code="9">2618</subfield>
    <subfield code="a">KO</subfield>
    <subfield code="b">KO</subfield>
    <subfield code="c">GEN</subfield>
    <subfield code="d">2018-02-07</subfield>
    <subfield code="e">Segment Book Distrubuters</subfield>
    <subfield code="g">819.00</subfield>
    <subfield code="o">337 Sa388</subfield>
    <subfield code="p">BK005130</subfield>
    <subfield code="r">2019-08-05</subfield>
    <subfield code="y">BK</subfield>
    <subfield code="z">Gen. Shelf-4, Row-2</subfield>
  </datafield>
  <datafield tag="952" ind1=" " ind2=" ">
    <subfield code="0">0</subfield>
    <subfield code="1">0</subfield>
    <subfield code="4">0</subfield>
    <subfield code="6">337_000000000000000_SA388</subfield>
    <subfield code="7">0</subfield>
    <subfield code="8">MANS</subfield>
    <subfield code="9">2619</subfield>
    <subfield code="a">KO</subfield>
    <subfield code="b">KO</subfield>
    <subfield code="c">GEN</subfield>
    <subfield code="d">2018-02-07</subfield>
    <subfield code="e">Segment Book Distrubuters</subfield>
    <subfield code="g">819.00</subfield>
    <subfield code="o">337 Sa388</subfield>
    <subfield code="p">BK005131</subfield>
    <subfield code="r">2019-08-05</subfield>
    <subfield code="y">BK</subfield>
    <subfield code="z">Gen. Shelf-4, Row-2</subfield>
  </datafield>
  <datafield tag="952" ind1=" " ind2=" ">
    <subfield code="0">0</subfield>
    <subfield code="1">0</subfield>
    <subfield code="4">0</subfield>
    <subfield code="6">337_000000000000000_SA388</subfield>
    <subfield code="7">0</subfield>
    <subfield code="8">MANS</subfield>
    <subfield code="9">2620</subfield>
    <subfield code="a">KO</subfield>
    <subfield code="b">KO</subfield>
    <subfield code="c">GEN</subfield>
    <subfield code="d">2018-02-07</subfield>
    <subfield code="e">Segment Book Distrubuters</subfield>
    <subfield code="g">819.00</subfield>
    <subfield code="o">337 Sa388</subfield>
    <subfield code="p">BK005128</subfield>
    <subfield code="r">2019-08-05</subfield>
    <subfield code="y">BK</subfield>
    <subfield code="z">Gen. Shelf-4, Row-2</subfield>
  </datafield>
</record>
